[Event "Reykjavik op"]
[Site "Reykjavik"]
[Date "2024.03.18"]
[Round "5"]
[White "Payne, Matthew"]
[Black "Haldorsen, Benjamin"]
[Result "0-1"]
[WhiteElo "2077"]
[BlackElo "2426"]
[PlyCount "58"]
[EventDate "2024.03.15"]
[EventType "swiss"]
[EventRounds "9"]
[EventCountry "ISL"]
[SourceTitle "CB13_2024"]
[SourceDate "2024.03.27"]
[SourceVersion "1"]
[SourceVersionDate "2024.03.27"]
[SourceQuality "1"]

1. e4 c5 2. Nf3 Nc6 3. Nc3 d6 4. d4 cxd4 5. Nxd4 Nf6 6. Bg5 e6 7. Qd2 a6 8. 0-0-0 Be7 9. f3 0-0 10. h4 Nxd4 11. Qxd4 b5 12. e5 dxe5 13. Qxe5 Qb6 14. Bd3 Bb7 15. Rh3 Rac8 16. g4 b4 17. Ne2 Rfd8 18. Be3 Bc5 19. Bh6 Rd5 20. Qf4 e5 21. Qg5 Bf8 22. Qe3 Bc5 23. Qg5 Ne8 24. Bxh7+ Kh8 25. Rxd5 Bxd5 26. Bxg7+ Nxg7 27. Qxe5 Qh6+ 28. Kb1 Qd2 29. Bd3 Qe1+ 0-1

[Event "Reykjavik op"]
[Site "Reykjavik"]
[Date "2024.03.15"]
[Round "1"]
[White "Krassel, Timofei"]
[Black "Haldorsen, Benjamin"]
[Result "0-1"]
[WhiteElo "2035"]
[BlackElo "2426"]
[PlyCount "130"]
[EventDate "2024.03.15"]
[EventType "swiss"]
[EventRounds "9"]
[EventCountry "ISL"]
[SourceTitle "CB13_2024"]
[SourceDate "2024.03.27"]
[SourceVersion "1"]
[SourceVersionDate "2024.03.27"]
[SourceQuality "1"]

1. d4 Nf6 2. Nf3 d5 3. c4 e6 4. g3 Be7 5. Bg2 0-0 6. 0-0 a5 7. Nc3 c6 8. Nd2 b6 9. Re1 Ba6 10. cxd5 cxd5 11. e4 Nc6 12. exd5 Nxd5 13. Nxd5 exd5 14. Nf3 Nb4 15. Re3 Rc8 16. Rc3 Bf6 17. h4 h6 18. Be3 Re8 19. a3 Rxc3 20. bxc3 Nc6 21. Nh2 Bc4 22. Ng4 b5 23. Rb1 a4 24. Bf1 Bxf1 25. Kxf1 Na7 26. Qf3 Re6 27. Bc1 Rc6 28. Kg2 h5 29. Nxf6+ Rxf6 30. Qxh5 Qd7 31. Bf4 Re6 32. Qf5 Nc8 33. Qd3 Rb6 34. f3 Ne7 35. g4 Ng6 36. Bg3 Nf8 37. h5 Qc6 38. Kh3 Ne6 39. f4 Nf8 40. g5 Qd7+ 41. Kh4 g6 42. f5 gxh5 43. Kxh5 f6 44. Kg4 fxg5 45. Rh1 Nh7 46. Be5 Qf7 47. Qe3 Rc6 48. Rb1 Rh6 49. Rg1 Rh4+ 50. Kg3 Qxf5 51. Kg2 Nf6 52. Rf1 Rg4+ 53. Bg3 Qe4+ 54. Qf3 Nh5 55. Qxe4 dxe4 56. Rf5 Rxg3+ 57. Kh2 Rxc3 58. Rxg5+ Ng7 59. Rxb5 Rxa3 60. Re5 Re3 61. Kg2 a3 62. Kf2 Rf3+ 63. Kg2 Rb3 64. Kf2 Kf7 65. d5 a2 0-1

[Event "NOR-chT Elite 2324"]
[Site "Norway"]
[Date "2024.03.10"]
[Round "9.16"]
[White "Getz, Nicolai"]
[Black "Haldorsen, Benjamin"]
[Result "0-1"]
[WhiteElo "2354"]
[BlackElo "2426"]
[PlyCount "70"]
[EventDate "2023.10.27"]
[EventType "team-tourn"]
[EventRounds "9"]
[EventCountry "NOR"]
[SourceTitle "CB16_2024"]
[SourceDate "2024.04.17"]
[SourceVersion "1"]
[SourceVersionDate "2024.04.17"]
[SourceQuality "1"]
[WhiteTeam "OSS"]
[BlackTeam "Offerspill"]
[WhiteTeamCountry "NOR"]
[BlackTeamCountry "NOR"]

1. e4 c5 2. d3 Nc6 3. f4 d5 4. Be2 g6 5. Nf3 Nf6 6. e5 Nh5 7. Na3 Bh6 8. g3 f6 9. Nh4 Ng7 10. exf6 exf6 11. 0-0 0-0 12. c3 Bh3 13. Ng2 Qd7 14. Bf3 Rae8 15. Bd2 Kh8 16. Qb3 Rd8 17. Rf2 g5 18. Re1 Ne6 19. f5 Nc7 20. Ne3 Ne5 21. Be2 b5 22. d4 Nc4 23. Bc1 Rfe8 24. Bh5 Re4 25. Naxc4 bxc4 26. Qb7 cxd4 27. cxd4 g4 28. Bd2 Bg5 29. Nc2 Bxd2 30. Rxe4 dxe4 31. Rxd2 Qxf5 32. Rf2 Qg5 33. Qxe4 Qxh5 34. Qe7 Qe8 35. Qxc7 Rxd4 0-1

[Event "NOR-chT Elite 2324"]
[Site "Norway"]
[Date "2024.03.08"]
[Round "7.26"]
[White "Hestholm, Gustav"]
[Black "Haldorsen, Benjamin"]
[Result "0-1"]
[WhiteElo "2010"]
[BlackElo "2426"]
[PlyCount "64"]
[EventDate "2023.10.27"]
[EventType "team-tourn"]
[EventRounds "9"]
[EventCountry "NOR"]
[SourceTitle "CB16_2024"]
[SourceDate "2024.04.17"]
[SourceVersion "1"]
[SourceVersionDate "2024.04.17"]
[SourceQuality "1"]
[WhiteTeam "Stavanger"]
[BlackTeam "Offerspill"]
[WhiteTeamCountry "NOR"]
[BlackTeamCountry "NOR"]

1. e4 c5 2. Nf3 e6 3. d4 cxd4 4. Nxd4 a6 5. c4 Nf6 6. Nc3 Qc7 7. a3 b6 8. Be3 Bb7 9. f3 Nc6 10. Be2 Be7 11. 0-0 0-0 12. Rc1 Ne5 13. b4 Ng6 14. g4 Bd6 15. Rf2 Bf4 16. Qd2 h5 17. gxh5 Nxh5 18. Kh1 Qe5 19. Na4 f5 20. Nxb6 Rad8 21. Bxf4 Ngxf4 22. exf5 Nh3 23. Rff1 Qf6 24. c5 N5f4 25. Bc4 Kh8 26. Rcd1 Qg5 27. Nb3 Qh5 28. Qe3 Rxf5 29. Na5 Re5 30. Qc3 Qg4 31. Rd2 Re1 32. Qd4 Bxf3+ 0-1

[Event "Florianopolis op 10th"]
[Site "Florianopolis"]
[Date "2024.01.28"]
[Round "10"]
[White "Freire Dos Santos, Fernando Juni"]
[Black "Haldorsen, Benjamin"]
[Result "0-1"]
[WhiteElo "2262"]
[BlackElo "2427"]
[PlyCount "98"]
[EventDate "2024.01.20"]
[EventType "swiss"]
[EventRounds "10"]
[EventCountry "BRA"]
[SourceTitle "CB05_2024"]
[SourceDate "2024.01.31"]
[SourceVersion "1"]
[SourceVersionDate "2024.01.31"]
[SourceQuality "1"]

1. d4 Nf6 2. c4 g6 3. Nc3 Bg7 4. e4 d6 5. Nge2 0-0 6. Ng3 h5 7. Bd3 a5 8. 0-0 e5 9. d5 h4 10. Nge2 Nh5 11. h3 Na6 12. Be3 Nc5 13. Bc2 f5 14. Qd2 Kh7 15. f3 Bd7 16. b3 Rf7 17. Rab1 Qf8 18. a3 Bh6 19. b4 axb4 20. axb4 Na6 21. Bxh6 Qxh6 22. Qxh6+ Kxh6 23. Kf2 Kg5 24. Ke3 Rb8 25. Rfd1 b5 26. Bd3 bxc4 27. Bxc4 Nxb4 28. Rd2 Rff8 29. Rdb2 c5 30. dxc6 Nxc6 31. Rd2 Rxb1 32. Nxb1 Na5 33. Ba2 Nb7 34. Rb2 Bc6 35. Rb6 Rc8 36. Nbc3 Ng3 37. Nxg3 hxg3 38. Nd5 Ra8 39. Bc4 Ra3+ 40. Ke2 Na5 41. Ra6 Bb7 42. Ra7 Nxc4 43. Rxb7 Ra2+ 44. Kd3 Nb2+ 45. Ke3 Nd1+ 46. Kd3 Nf2+ 47. Kc4 fxe4 48. Rh7 exf3 49. gxf3 Ra4+ 0-1

[Event "Florianopolis op 10th"]
[Site "Florianopolis"]
[Date "2024.01.26"]
[Round "8"]
[White "Haldorsen, Benjamin"]
[Black "Do Valle Cardoso, Lucas"]
[Result "1/2-1/2"]
[WhiteElo "2427"]
[BlackElo "2392"]
[PlyCount "80"]
[EventDate "2024.01.20"]
[EventType "swiss"]
[EventRounds "10"]
[EventCountry "BRA"]
[SourceTitle "CB05_2024"]
[SourceDate "2024.01.31"]
[SourceVersion "1"]
[SourceVersionDate "2024.01.31"]
[SourceQuality "1"]

1. e4 c5 2. Nf3 d6 3. d4 cxd4 4. Nxd4 Nf6 5. Nc3 a6 6. Bc4 e6 7. a4 Nc6 8. 0-0 Be7 9. Be3 0-0 10. Qe2 Bd7 11. Nxc6 Bxc6 12. a5 Qc8 13. f3 d5 14. exd5 Nxd5 15. Nxd5 Bxd5 16. Bd3 Qc7 17. c4 Bc6 18. Bb6 Qf4 19. Rad1 Rac8 20. b3 h5 21. Bb1 g6 22. Qd2 Qxd2 23. Rxd2 Bd8 24. Bxd8 Rfxd8 25. Rfd1 Rxd2 26. Rxd2 Kf8 27. Kf2 Ke7 28. Ke3 g5 29. b4 f5 30. Ba2 f4+ 31. Kf2 e5 32. c5 Rd8 33. Rxd8 Kxd8 34. Bf7 h4 35. Bg6 Ke7 36. Bd3 Ke6 37. Bc4+ Kf6 38. Bd3 Ke6 39. Bc4+ Kf6 40. Bd3 Ke6 1/2-1/2

[Event "NOR-ch Rapid"]
[Site "Bergen"]
[Date "2024.01.14"]
[Round "9"]
[White "Haldorsen, Benjamin"]
[Black "Kvaloy, Aksel Bu"]
[Result "1-0"]
[WhiteElo "2427"]
[BlackElo "2443"]
[PlyCount "43"]
[EventDate "2024.01.13"]
[EventType "swiss (rapid)"]
[EventRounds "10"]
[EventCountry "NOR"]
[SourceTitle "CB03_2024"]
[SourceDate "2024.01.17"]
[SourceVersion "1"]
[SourceVersionDate "2024.01.17"]
[SourceQuality "1"]

1. e4 e5 2. Nf3 Nc6 3. Bc4 Nf6 4. d3 h6 5. 0-0 d6 6. c3 g6 7. a4 Bg7 8. Re1 0-0 9. Nbd2 Kh8 10. a5 a6 11. Nf1 Nh7 12. Ng3 Qe8 13. h3 f5 14. exf5 gxf5 15. d4 e4 16. Nh4 Ne7 17. Nh5 d5 18. Be2 Be6 19. Bf4 c6 20. Qd2 Ng8 21. Bd6 Rf7 22. Ng6# 1-0

[Event "NOR-ch Rapid"]
[Site "Bergen"]
[Date "2024.01.14"]
[Round "10"]
[White "Strand, Vetle Bjorge"]
[Black "Haldorsen, Benjamin"]
[Result "1-0"]
[WhiteElo "2089"]
[BlackElo "2427"]
[PlyCount "43"]
[EventDate "2024.01.13"]
[EventType "swiss (rapid)"]
[EventRounds "10"]
[EventCountry "NOR"]
[SourceTitle "CB03_2024"]
[SourceDate "2024.01.17"]
[SourceVersion "1"]
[SourceVersionDate "2024.01.17"]
[SourceQuality "1"]

1. d4 g6 2. e4 d6 3. Nc3 c6 4. Nf3 Nf6 5. Be2 Bg7 6. 0-0 0-0 7. h3 Qc7 8. a4 b6 9. Be3 Nbd7 10. Re1 Bb7 11. Qd2 Rad8 12. Bh6 e5 13. Bxg7 Kxg7 14. dxe5 dxe5 15. Bc4 a6 16. Qe3 a5 17. Rad1 Nc5 18. g3 Bc8 19. Kg2 h6 20. Ng1 Rxd1 21. Rxd1 Re8 22. Nf3 1-0

[Event "NOR-ch Rapid"]
[Site "Bergen"]
[Date "2024.01.13"]
[Round "1"]
[White "Gronnestad, Anita"]
[Black "Haldorsen, Benjamin"]
[Result "0-1"]
[WhiteElo "1938"]
[BlackElo "2427"]
[PlyCount "38"]
[EventDate "2024.01.13"]
[EventType "swiss (rapid)"]
[EventRounds "10"]
[EventCountry "NOR"]
[SourceTitle "CB03_2024"]
[SourceDate "2024.01.17"]
[SourceVersion "1"]
[SourceVersionDate "2024.01.17"]
[SourceQuality "1"]

1. d4 Nf6 2. c4 c5 3. e3 g6 4. Nf3 Bg7 5. Nc3 0-0 6. Be2 b6 7. 0-0 Bb7 8. Qc2 e6 9. Rd1 Qe7 10. a3 d6 11. b3 Nc6 12. Bb2 Rac8 13. d5 exd5 14. Nxd5 Nxd5 15. Bxg7 Nxe3 16. fxe3 Qxe3+ 17. Kf1 Kxg7 18. Rxd6 Rcd8 19. Rad1 Nd4 0-1

[Event "London Mindsports op"]
[Site "London"]
[Date "2023.09.16"]
[Round "7"]
[White "Wadsworth, Matthew J"]
[Black "Haldorsen, Benjamin"]
[Result "1-0"]
[WhiteElo "2432"]
[BlackElo "2460"]
[PlyCount "53"]
[EventDate "2023.09.13"]
[EventType "swiss"]
[EventRounds "9"]
[EventCountry "ENG"]
[SourceTitle "EXT 2024"]
[Source "ChessBase"]
[SourceDate "2023.10.10"]
[SourceVersion "1"]
[SourceVersionDate "2023.10.10"]
[SourceQuality "1"]

1. d4 d5 2. c4 e6 3. Nf3 Nf6 4. g3 Bb4+ 5. Bd2 a5 6. Bg2 0-0 7. Qc2 Be7 8. 0-0 c6 9. b3 Nbd7 10. Bc3 b5 11. Nbd2 Ba6 12. Rfe1 bxc4 13. bxc4 dxc4 14. e4 c5 15. d5 exd5 16. exd5 Nxd5 17. Ng5 Bxg5 18. Bxd5 Bxd2 19. Qxd2 Rb8 20. Rad1 Qb6 21. Qf4 Nf6 22. Re5 Nxd5 23. Rexd5 f6 24. Rd6 Qb5 25. Rd7 Bc8 26. Rxg7+ Kxg7 27. Qg5+ 1-0